| 000 | 00971cam a2200277 4500 | ||
|---|---|---|---|
| 001 | J4104 | ||
| 008 | 090401t1997 xxu||||| |||| 00| 0 eng d | ||
| 035 | _a(Sirsi) u58308 | ||
| 041 | _aeng | ||
| 050 | _a692.80212 | ||
| 110 |
_aUnited Kingdom _bDepartment of the Environment _9982 |
||
| 245 | _aPrice adjustment formulae for construction contracts: monthly bulletin of indices. - January 1997 - December 1997 | ||
| 260 |
_aLondon _bStationery Office _c1997 |
||
| 300 | _a1 vol. ; 30cm. | ||
| 350 | _a0 | ||
| 520 | _aFormerly produced by the Property Services Agency. Still referred to as NEDO Indices, Baxter Indices and Osborne Indices. | ||
| 650 | _aBAXTER INDICES | ||
| 650 | _aBUILT ENVIRONMENT-BUILDING CONTRACT FORMS | ||
| 650 | _aNEDO INDICES | ||
| 650 | _aOSBORNE INDICES | ||
| 650 | _aPRICE ADJUSTMENT FORMULAE | ||
| 650 | _aPROPERTY SERVICES AGENCY | ||
| 690 | _aBUILT ENVIRONMENT-BUILDING CONTRACT FORMS | ||
| 942 | _n0 | ||
| 948 | _c04/03/1997 | ||
| 999 |
_c94053 _d94053 |
||